[Event "MEU_U14"]
[Site "?"]
[Date "2015.08.27"]
[Round "9.1"]
[White "Radeva, Viktoria"]
[Black "Ferkova, Dominika"]
[Result "1-0"]
[BlackElo "1874"]
[WhiteElo "2156"]
[LiveChessVersion "1.4.6"]

1. Nf3 {[%clk 1:30:58]} d5 {[%clk 1:30:46]} 2. g3 {[%clk 1:31:23]} c5
{[%clk 1:31:03]} 3. Bg2 {[%clk 1:31:45]} Nc6 {[%clk 1:30:56]} 4. d3
{[%clk 1:32:02]} e5 {[%clk 1:29:59]} 5. O-O {[%clk 1:32:19]} Be7 {[%clk 1:29:05]}
6. e4 {[%clk 1:32:06]} d4 {[%clk 1:28:46]} 7. a4 {[%clk 1:28:51]} Nf6
{[%clk 1:27:12]} 8. Na3 {[%clk 1:27:01]} O-O {[%clk 1:25:33]} 9. Nc4
{[%clk 1:26:26]} Qc7 {[%clk 1:24:15]} 10. h3 {[%clk 1:19:51]} a6 {[%clk 1:21:46]}
11. a5 {[%clk 1:19:04]} Be6 {[%clk 1:09:21]} 12. Nfd2 {[%clk 1:18:59]} Nd7
{[%clk 1:07:02]} 13. f4 {[%clk 1:17:23]} f5 {[%clk 1:03:47]} 14. exf5
{[%clk 1:09:18]} Rxf5 {[%clk 0:59:17]} 15. Be4 {[%clk 1:07:24]} exf4
{[%clk 0:45:43]} 16. Bxf5 {[%clk 1:06:45]} Bxf5 {[%clk 0:45:58]} 17. g4
{[%clk 0:57:20]} Be6 {[%clk 0:43:11]} 18. Qe2 {[%clk 0:46:02]} Bf7
{[%clk 0:35:52]} 19. Ne4 {[%clk 0:28:17]} g5 {[%clk 0:31:25]} 20. Ncd2
{[%clk 0:21:10]} Re8 {[%clk 0:27:49]} 21. Nf3 {[%clk 0:20:52]} h6
{[%clk 0:25:45]} 22. Qh2 {[%clk 0:17:28]} Nde5 {[%clk 0:18:56]} 23. Nxe5
{[%clk 0:12:56]} Qxe5 {[%clk 0:14:50]} 24. Bd2 {[%clk 0:11:54]} Bg6
{[%clk 0:13:22]} 25. Rae1 {[%clk 0:11:54]} Qc7 {[%clk 0:13:07]} 26. h4
{[%clk 0:07:18]} Kg7 {[%clk 0:09:13]} 27. Qh3 {[%clk 0:03:46]} Qd7
{[%clk 0:06:07]} 28. Rf2 {[%clk 0:00:54]} Ne5 {[%clk 0:03:30]} 29. Nxg5
{[%clk 0:00:44]} hxg5 {[%clk 0:02:51]} 30. Rxe5 {[%clk 0:01:03]} gxh4
{[%clk 0:01:50]} 31. Bxf4 {[%clk 0:01:08]} Rc8 {[%clk 0:01:19]} 32. Bg5
{[%clk 0:01:03]} Bd6 {[%clk 0:00:55]} 33. Bf6+ {[%clk 0:01:18]} Kg8
{[%clk 0:00:48]} 34. Rg5 {[%clk 0:01:13]} Bg3 {[%clk 0:00:32]} 35. Rxg6+
{[%clk 0:01:15]} Kh7 {[%clk 0:00:45]} 36. Rg7+ {[%clk 0:01:29]} Qxg7
{[%clk 0:00:48]} 37. Bxg7 {[%clk 0:01:54]} Kxg7 {[%clk 0:00:59]} 38. Rf3
{[%clk 0:01:57]} 1-0

[Event "MEU_U14"]
[Site "?"]
[Date "2015.08.27"]
[Round "9.2"]
[White "Ciorica, Mihai-Vlad"]
[Black "Ariza, Thomas"]
[Result "0-1"]
[BlackElo "2063"]
[WhiteElo "1974"]
[LiveChessVersion "1.4.6"]

1. d4 {[%clk 1:30:57]} Nf6 {[%clk 1:30:54]} 2. c4 {[%clk 1:31:20]} c5
{[%clk 1:31:19]} 3. d5 {[%clk 1:31:43]} e6 {[%clk 1:31:44]} 4. Nc3
{[%clk 1:31:59]} exd5 {[%clk 1:32:09]} 5. cxd5 {[%clk 1:32:24]} d6
{[%clk 1:32:35]} 6. e4 {[%clk 1:32:36]} g6 {[%clk 1:32:11]} 7. f3
{[%clk 1:33:01]} Bg7 {[%clk 1:32:28]} 8. Bg5 {[%clk 1:33:25]} a6 {[%clk 1:31:09]}
9. a4 {[%clk 1:33:43]} h6 {[%clk 1:31:28]} 10. Be3 {[%clk 1:34:03]} Nbd7
{[%clk 1:31:20]} 11. Nh3 {[%clk 1:34:26]} O-O {[%clk 1:29:39]} 12. Qd2
{[%clk 1:34:48]} Kh7 {[%clk 1:29:52]} 13. Be2 {[%clk 1:34:49]} Ne8
{[%clk 1:25:03]} 14. O-O {[%clk 1:29:39]} Ne5 {[%clk 1:12:43]} 15. Nf2
{[%clk 1:29:27]} f5 {[%clk 1:10:48]} 16. f4 {[%clk 1:15:08]} Nd7 {[%clk 1:10:29]}
17. Bd3 {[%clk 1:13:53]} fxe4 {[%clk 1:06:06]} 18. Nfxe4 {[%clk 1:13:44]} Ndf6
{[%clk 1:03:37]} 19. Ng3 {[%clk 1:12:53]} Ng4 {[%clk 1:00:23]} 20. Kh1
{[%clk 1:12:50]} Qh4 {[%clk 0:49:44]} 21. Bg1 {[%clk 1:08:17]} Bd4
{[%clk 0:44:55]} 22. h3 {[%clk 1:06:56]} Qxg3 {[%clk 0:45:04]} 23. hxg4
{[%clk 1:07:06]} Qh4+ {[%clk 0:45:19]} 24. Bh2 {[%clk 1:07:18]} Bxg4
{[%clk 0:41:38]} 25. Ne2 {[%clk 1:03:46]} Bg7 {[%clk 0:36:47]} 26. Ng3
{[%clk 1:02:26]} Nc7 {[%clk 0:25:16]} 27. Qc2 {[%clk 0:57:52]} Nxd5
{[%clk 0:18:20]} 28. Bxg6+ {[%clk 0:57:32]} Kh8 {[%clk 0:18:49]} 29. Qd2
{[%clk 0:53:39]} Bd4 {[%clk 0:15:12]} 30. Rae1 {[%clk 0:40:56]} Ne7
{[%clk 0:15:08]} 31. Bb1 {[%clk 0:35:57]} Rae8 {[%clk 0:13:34]} 32. Ne2
{[%clk 0:30:31]} Bxe2 {[%clk 0:12:17]} 33. Rxe2 {[%clk 0:30:25]} Nd5
{[%clk 0:10:21]} 34. Qd3 {[%clk 0:19:06]} Nf6 {[%clk 0:10:50]} 35. Rxe8
{[%clk 0:08:56]} Rxe8 {[%clk 0:11:18]} 36. b3 {[%clk 0:08:06]} Re1
{[%clk 0:10:51]} 37. g3 {[%clk 0:07:34]} Rxf1+ {[%clk 0:11:12]} 38. Qxf1
{[%clk 0:07:49]} Qh5 {[%clk 0:10:32]} 39. f5 {[%clk 0:05:35]} Ng4
{[%clk 0:10:54]} 40. Qg2 {[%clk 0:05:34]} Nf2+ {[%clk 0:11:23]} 41. Kg1
{[%clk 0:05:56]} Nh3+ {[%clk 0:11:49]} 42. Kh1 {[%clk 0:06:04]} Qd1+
{[%clk 0:12:10]} 43. Bg1 {[%clk 0:06:27]} Nf2+ {[%clk 0:12:30]} 44. Kh2
{[%clk 0:06:41]} Qh5+ {[%clk 0:12:59]} 0-1

[Event "MEU_U14"]
[Site "?"]
[Date "2015.08.27"]
[Round "9.3"]
[White "Kostecka, Marika"]
[Black "Vuckovic, Zarko"]
[Result "0-1"]
[BlackElo "1850"]
[WhiteElo "1504"]
[LiveChessVersion "1.4.6"]

1. e4 {[%clk 1:30:57]} e6 {[%clk 1:30:55]} 2. d4 {[%clk 1:31:23]} d5
{[%clk 1:31:22]} 3. Nc3 {[%clk 1:31:48]} dxe4 {[%clk 1:31:46]} 4. Nxe4
{[%clk 1:32:12]} Nd7 {[%clk 1:32:12]} 5. Nf3 {[%clk 1:32:35]} Ngf6
{[%clk 1:32:40]} 6. Bd3 {[%clk 1:32:55]} Be7 {[%clk 1:32:52]} 7. O-O
{[%clk 1:33:15]} Nxe4 {[%clk 1:33:15]} 8. Bxe4 {[%clk 1:33:36]} Nf6
{[%clk 1:33:42]} 9. Bd3 {[%clk 1:32:54]} O-O {[%clk 1:34:04]} 10. Qe2
{[%clk 1:32:59]} b6 {[%clk 1:34:24]} 11. c4 {[%clk 1:33:05]} Bb7 {[%clk 1:34:48]}
12. Rd1 {[%clk 1:32:47]} Re8 {[%clk 1:27:17]} 13. Bg5 {[%clk 1:20:59]} Qc8
{[%clk 1:17:17]} 14. a3 {[%clk 1:17:03]} c5 {[%clk 1:16:15]} 15. dxc5
{[%clk 1:16:22]} Qxc5 {[%clk 1:13:34]} 16. Be3 {[%clk 1:14:47]} Qh5
{[%clk 1:11:25]} 17. Nd4 {[%clk 1:12:12]} Qxe2 {[%clk 1:11:25]} 18. Bxe2 Rad8 19.
b4 {[%clk 1:09:10]} e5 {[%clk 1:01:47]} 20. Nb3 {[%clk 0:55:50]} Rxd1+
{[%clk 0:54:34]} 21. Rxd1 {[%clk 0:55:52]} Rd8 {[%clk 0:54:21]} 22. Rxd8+ Bxd8
23. c5 {[%clk 0:55:51]} Bd5 {[%clk 0:54:32]} 24. Nd2 {[%clk 0:55:23]} Kf8
{[%clk 0:50:45]} 25. Bc4 {[%clk 0:53:31]} Ke7 {[%clk 0:46:20]} 26. Kf1
{[%clk 0:47:03]} Ke6 {[%clk 0:44:44]} 27. f3 {[%clk 0:46:39]} Bxc4+
{[%clk 0:37:08]} 28. Nxc4 {[%clk 0:47:03]} Nd7 {[%clk 0:37:29]} 29. cxb6
{[%clk 0:42:22]} axb6 {[%clk 0:37:48]} 30. Ke2 {[%clk 0:42:29]} Kd5
{[%clk 0:35:03]} 31. Kd3 {[%clk 0:42:02]} b5 {[%clk 0:32:32]} 32. Nd2
{[%clk 0:39:17]} f5 {[%clk 0:32:30]} 33. Nb3 {[%clk 0:34:55]} Be7
{[%clk 0:29:09]} 34. Nd2 {[%clk 0:33:53]} Bd6 {[%clk 0:27:41]} 35. h3
{[%clk 0:32:09]} Be7 {[%clk 0:25:18]} 36. Nb3 {[%clk 0:26:41]} Bf6
{[%clk 0:24:21]} 37. Nd2 {[%clk 0:25:48]} Nf8 {[%clk 0:24:11]} 38. Kc2
{[%clk 0:21:03]} Ne6 {[%clk 0:22:57]} 39. g4 {[%clk 0:19:21]} g6 {[%clk 0:23:05]}
40. Kd3 {[%clk 0:18:07]} Nd8 {[%clk 0:22:19]} 41. Kc2 {[%clk 0:14:43]} Nb7
{[%clk 0:22:10]} 42. Kb3 {[%clk 0:14:48]} e4 {[%clk 0:21:29]} 43. fxe4+
{[%clk 0:13:49]} fxe4 {[%clk 0:21:56]} 44. a4 {[%clk 0:12:40]} bxa4+
{[%clk 0:21:05]} 45. Kxa4 {[%clk 0:12:54]} Bd4 {[%clk 0:20:59]} 46. Bxd4
{[%clk 0:12:47]} Kxd4 {[%clk 0:21:25]} 47. Kb5 {[%clk 0:11:25]} e3
{[%clk 0:20:33]} 48. Nf3+ {[%clk 0:11:47]} Kd5 {[%clk 0:19:51]} 49. Kb6
{[%clk 0:11:46]} Nd6 {[%clk 0:20:19]} 50. b5 {[%clk 0:11:56]} Nc4+
{[%clk 0:20:14]} 51. Kc7 {[%clk 0:12:10]} Kc5 {[%clk 0:20:07]} 52. Kd7
{[%clk 0:11:39]} Kxb5 {[%clk 0:20:30]} 53. Ke7 {[%clk 0:11:49]} Nd2
{[%clk 0:19:31]} 54. Ne1 {[%clk 0:11:59]} Ne4 {[%clk 0:19:35]} 55. Kf7
{[%clk 0:09:00]} Kb4 {[%clk 0:16:36]} 56. Kg7 {[%clk 0:09:00]} Kc3
{[%clk 0:17:00]} 57. Kxh7 {[%clk 0:09:18]} g5 {[%clk 0:16:49]} 58. Kg6
{[%clk 0:09:12]} Kd2 {[%clk 0:16:28]} 59. Ng2 {[%clk 0:09:01]} e2
{[%clk 0:15:07]} 60. Kf5 {[%clk 0:09:14]} Ng3+ {[%clk 0:15:27]} 61. Kxg5
{[%clk 0:09:22]} Nf1 {[%clk 0:15:55]} 62. Kf4 {[%clk 0:08:20]} Ne3
{[%clk 0:15:46]} 63. Nh4 {[%clk 0:08:44]} Kd1 {[%clk 0:10:34]} 64. Nf3
{[%clk 0:08:47]} Nf1 {[%clk 0:11:03]} 65. h4 {[%clk 0:06:26]} Nd2
{[%clk 0:10:11]} 66. Nxd2 {[%clk 0:06:09]} Kxd2 {[%clk 0:10:36]} 67. g5
{[%clk 0:06:31]} e1=Q {[%clk 0:11:00]} 68. Kg4 {[%clk 0:06:33]} Qe2+
{[%clk 0:11:15]} 69. Kf5 {[%clk 0:06:42]} Qh5 {[%clk 0:11:36]} 0-1

[Event "MEU_U14"]
[Site "?"]
[Date "2015.08.27"]
[Round "9.4"]
[White "Lazaravicius, Aras Jonas"]
[Black "Bango, Lukas"]
[Result "1-0"]
[BlackElo "2182"]
[WhiteElo "1820"]
[LiveChessVersion "1.4.6"]

1. d4 {[%clk 1:30:43]} Nf6 {[%clk 1:30:52]} 2. c4 {[%clk 1:30:51]} c5
{[%clk 1:30:59]} 3. d5 {[%clk 1:30:41]} e6 {[%clk 1:31:22]} 4. Nc3
{[%clk 1:30:15]} exd5 {[%clk 1:31:47]} 5. cxd5 {[%clk 1:30:28]} d6
{[%clk 1:32:12]} 6. e4 {[%clk 1:29:34]} g6 {[%clk 1:32:37]} 7. Nf3
{[%clk 1:29:00]} Bg7 {[%clk 1:33:01]} 8. Be2 {[%clk 1:27:16]} O-O
{[%clk 1:33:21]} 9. O-O {[%clk 1:27:22]} Re8 {[%clk 1:33:40]} 10. Qc2
{[%clk 1:26:42]} Na6 {[%clk 1:31:11]} 11. a3 {[%clk 1:23:25]} Nc7
{[%clk 1:30:54]} 12. Bg5 {[%clk 1:18:51]} h6 {[%clk 1:29:40]} 13. Bh4
{[%clk 1:15:38]} Rb8 {[%clk 1:22:52]} 14. Rfe1 {[%clk 1:06:33]} b5
{[%clk 1:20:05]} 15. Nd2 {[%clk 0:51:07]} g5 {[%clk 1:15:43]} 16. Bg3
{[%clk 0:50:42]} Bg4 {[%clk 1:15:37]} 17. Bxg4 {[%clk 0:48:05]} Nxg4
{[%clk 1:16:06]} 18. h3 {[%clk 0:47:56]} Ne5 {[%clk 1:15:57]} 19. Nd1
{[%clk 0:47:43]} f5 {[%clk 1:14:01]} 20. exf5 {[%clk 0:42:54]} Nxd5
{[%clk 1:14:23]} 21. Bxe5 {[%clk 0:41:21]} dxe5 {[%clk 1:04:29]} 22. Ne4
{[%clk 0:36:03]} c4 {[%clk 1:01:01]} 23. Ne3 {[%clk 0:34:43]} Nf4
{[%clk 1:00:16]} 24. Red1 {[%clk 0:33:39]} Qa5 {[%clk 0:56:58]} 25. Ng4
{[%clk 0:29:38]} Kh8 {[%clk 0:56:28]} 26. f6 {[%clk 0:25:22]} Bf8
{[%clk 0:56:57]} 27. Rd7 {[%clk 0:24:36]} Qa4 {[%clk 0:55:30]} 28. Rh7+
{[%clk 0:22:51]} Kg8 {[%clk 0:55:20]} 29. f7+ {[%clk 0:22:58]} Kxh7
{[%clk 0:55:41]} 30. Nef6+ {[%clk 0:23:06]} 1-0

[Event "MEU_U14"]
[Site "?"]
[Date "2015.08.27"]
[Round "9.5"]
[White "Semjonovs, Ilja"]
[Black "Cerniauskas, Markas"]
[Result "1/2-1/2"]
[BlackElo "1801"]
[WhiteElo "1940"]
[LiveChessVersion "1.4.6"]

1. e4 {[%clk 1:30:55]} e5 {[%clk 1:30:57]} 2. Nf3 {[%clk 1:31:20]} Nc6
{[%clk 1:31:24]} 3. Bb5 {[%clk 1:31:31]} Nf6 {[%clk 1:31:49]} 4. O-O
{[%clk 1:31:31]} Nxe4 {[%clk 1:31:58]} 5. d4 {[%clk 1:31:37]} Nd6
{[%clk 1:32:22]} 6. Bxc6 {[%clk 1:31:33]} dxc6 {[%clk 1:32:47]} 7. dxe5
{[%clk 1:31:33]} Nf5 {[%clk 1:33:13]} 8. Qxd8+ {[%clk 1:31:45]} Kxd8
{[%clk 1:33:39]} 9. Nc3 {[%clk 1:29:56]} Bc5 {[%clk 1:32:58]} 10. Bg5+
{[%clk 1:28:21]} Ke8 {[%clk 1:32:29]} 11. Ne4 {[%clk 1:25:15]} Bb6
{[%clk 1:32:36]} 12. c4 {[%clk 1:24:25]} h6 {[%clk 1:30:19]} 13. Bd2 a6
{[%clk 1:17:40]} 14. c5 {[%clk 1:19:55]} Ba7 {[%clk 1:18:03]} 15. b4
{[%clk 1:19:29]} Ne7 {[%clk 1:17:28]} 16. Rfe1 {[%clk 1:17:17]} Be6
{[%clk 1:14:18]} 17. Nd4 {[%clk 1:16:40]} Rd8 {[%clk 1:12:29]} 18. Bc3
{[%clk 1:11:52]} Nd5 {[%clk 1:06:13]} 19. Rad1 {[%clk 1:06:52]} Ke7
{[%clk 1:03:18]} 20. a3 {[%clk 1:05:31]} Rd7 {[%clk 0:59:48]} 21. Ba1
{[%clk 1:05:37]} Rhd8 {[%clk 0:59:26]} 22. g3 {[%clk 1:05:36]} Kf8
{[%clk 0:59:04]} 23. Rd2 {[%clk 0:31:24]} Ne7 {[%clk 0:57:27]} 24. Red1
{[%clk 0:31:46]} Bd5 {[%clk 0:55:21]} 25. Nc3 {[%clk 0:26:51]} Kg8
{[%clk 0:50:31]} 26. Nxd5 {[%clk 0:23:20]} Rxd5 {[%clk 0:49:47]} 27. Nb3
{[%clk 0:23:44]} b6 {[%clk 0:47:30]} 28. Rxd5 {[%clk 0:24:03]} cxd5
{[%clk 0:43:52]} 29. Bd4 {[%clk 0:23:23]} Nc6 {[%clk 0:41:17]} 30. f4
{[%clk 0:22:01]} b5 {[%clk 0:35:23]} 31. Kg2 {[%clk 0:21:02]} a5 {[%clk 0:29:45]}
32. Bc3 {[%clk 0:19:17]} a4 {[%clk 0:28:17]} 33. Nd4 {[%clk 0:19:39]} Nxd4
{[%clk 0:28:42]} 34. Bxd4 {[%clk 0:20:05]} c6 {[%clk 0:28:44]} 35. g4
{[%clk 0:20:06]} Bb8 {[%clk 0:26:43]} 36. Kf3 {[%clk 0:20:21]} Kf8
{[%clk 0:24:26]} 37. h4 {[%clk 0:20:15]} Ke7 {[%clk 0:24:06]} 38. f5
{[%clk 0:20:08]} g6 {[%clk 0:23:31]} 39. Rg1 {[%clk 0:19:32]} Rg8
{[%clk 0:23:28]} 40. Re1 {[%clk 0:14:32]} gxf5 {[%clk 0:22:27]} 41. gxf5
{[%clk 0:14:33]} h5 {[%clk 0:22:45]} 42. Be3 {[%clk 0:13:12]} f6 {[%clk 0:16:38]}
43. Bf4 {[%clk 0:13:18]} fxe5 {[%clk 0:15:13]} 44. Bxe5 {[%clk 0:13:43]} Bxe5
{[%clk 0:15:31]} 45. Rxe5+ {[%clk 0:14:08]} Kf6 {[%clk 0:09:33]} 46. Re6+
{[%clk 0:13:36]} Kxf5 {[%clk 0:09:58]} 47. Rh6 {[%clk 0:12:31]} Ke5
{[%clk 0:10:14]} 48. Rxh5+ {[%clk 0:12:56]} Kd4 {[%clk 0:10:23]} 49. Rh6
{[%clk 0:13:23]} Kc3 {[%clk 0:10:20]} 50. Rxc6 {[%clk 0:13:16]} d4
{[%clk 0:07:03]} 51. Rd6 {[%clk 0:13:42]} d3 {[%clk 0:07:28]} 52. h5
{[%clk 0:14:05]} d2 {[%clk 0:07:47]} 53. h6 {[%clk 0:09:57]} Kc2 {[%clk 0:03:08]}
54. c6 {[%clk 0:08:01]} d1=Q+ {[%clk 0:02:07]} 55. Rxd1 {[%clk 0:08:15]} Kxd1
{[%clk 0:02:33]} 56. c7 {[%clk 0:08:31]} Kc2 {[%clk 0:02:44]} 57. Ke4
{[%clk 0:08:51]} Kb3 {[%clk 0:02:29]} 58. Kd5 {[%clk 0:08:18]} Kxa3
{[%clk 0:01:46]} 59. Kc6 {[%clk 0:08:33]} Kxb4 {[%clk 0:01:41]} 60. Kb7
{[%clk 0:08:48]} a3 {[%clk 0:01:21]} 61. h7 {[%clk 0:08:58]} Rh8 {[%clk 0:01:01]}
62. c8=Q {[%clk 0:09:20]} Rxh7+ {[%clk 0:01:22]} 63. Kb6 {[%clk 0:09:27]} Rh6+
{[%clk 0:01:49]} 64. Kb7 {[%clk 0:09:50]} 1/2-1/2

[Event "MEU_U14"]
[Site "?"]
[Date "2015.08.27"]
[Round "9.6"]
[White "Petrovs, Jaroslavs"]
[Black "Dejmal, Ondrej"]
[Result "1-0"]
[BlackElo "1534"]
[WhiteElo "1664"]
[LiveChessVersion "1.4.6"]

1. d4 d5 2. c4 e6 3. Nc3 Nf6 4. cxd5 exd5 5. Bg5 Be7 6. e3 c6 7. Bd3 Nbd7 8. Rc1
Nh5 9. Bxe7 Qxe7 10. Qxh5 Nf6 11. Qg5 O-O 12. Qh4 h6 13. Nge2 Qe6 14. Nf4 Qe7 15.
Nh5 g5 16. Nxf6+ Qxf6 17. Qg3 h5 18. h4 g4 19. Ne2 Qh6 20. Qf4 Qg7 21. Ng3 f6 22.
Nxh5 Qe7 23. O-O f5 24. Qg5+ Qxg5 25. hxg5 Kh7 26. Nf4 Rg8 27. g6+ Kg7 28. g3 Bd7
29. Kg2 1-0

[Event "MEU_U14"]
[Site "?"]
[Date "2015.08.27"]
[Round "9.7"]
[White "Golub, Nikolina"]
[Black "Vitova, Anna"]
[Result "1-0"]
[BlackElo "1706"]
[WhiteElo "1820"]
[LiveChessVersion "1.4.6"]

1. e4 {[%clk 1:30:58]} c5 {[%clk 1:30:55]} 2. Nf3 {[%clk 1:31:24]} d6
{[%clk 1:31:17]} 3. d4 {[%clk 1:31:50]} cxd4 {[%clk 1:31:42]} 4. Nxd4
{[%clk 1:32:15]} Nf6 {[%clk 1:31:56]} 5. Nc3 {[%clk 1:32:35]} a6 {[%clk 1:31:58]}
6. Be2 {[%clk 1:32:41]} e6 {[%clk 1:31:52]} 7. O-O {[%clk 1:32:53]} Be7
{[%clk 1:31:45]} 8. Qd3 {[%clk 1:31:50]} b5 {[%clk 1:27:53]} 9. a3
{[%clk 1:31:01]} Bb7 {[%clk 1:26:16]} 10. Rd1 {[%clk 1:27:22]} Nbd7
{[%clk 1:24:10]} 11. f3 {[%clk 1:24:37]} O-O {[%clk 1:22:16]} 12. Be3
{[%clk 1:23:01]} Ne5 {[%clk 1:17:47]} 13. Qd2 {[%clk 1:22:58]} Qc7
{[%clk 1:16:26]} 14. a4 {[%clk 1:17:50]} b4 {[%clk 1:07:45]} 15. Na2
{[%clk 1:17:33]} d5 {[%clk 1:06:04]} 16. exd5 {[%clk 1:13:31]} Nxd5
{[%clk 1:04:38]} 17. c3 {[%clk 1:12:37]} bxc3 {[%clk 0:59:06]} 18. Nxc3
{[%clk 1:08:39]} Nxc3 {[%clk 0:58:44]} 19. Qxc3 {[%clk 1:07:03]} Qxc3
{[%clk 0:56:56]} 20. bxc3 {[%clk 1:07:13]} Rac8 {[%clk 0:56:36]} 21. Rdc1
{[%clk 1:05:07]} Nc4 {[%clk 0:52:42]} 22. Bxc4 {[%clk 1:01:53]} Rxc4
{[%clk 0:52:55]} 23. Nb3 {[%clk 0:59:37]} Rfc8 {[%clk 0:46:46]} 24. Na5
{[%clk 0:54:00]} R4c7 {[%clk 0:46:46]} 25. Rab1 {[%clk 0:47:17]} Bd5
{[%clk 0:38:33]} 26. c4 {[%clk 0:46:35]} Bxc4 {[%clk 0:37:06]} 27. Rxc4
{[%clk 0:45:45]} Rxc4 {[%clk 0:37:26]} 28. Nxc4 {[%clk 0:46:13]} Rxc4
{[%clk 0:37:49]} 29. Rb8+ {[%clk 0:46:00]} Bf8 {[%clk 0:38:13]} 30. a5
{[%clk 0:44:13]} f6 {[%clk 0:36:32]} 31. Bb6 {[%clk 0:42:51]} Kf7
{[%clk 0:33:29]} 32. Ra8 {[%clk 0:42:09]} Bd6 {[%clk 0:29:54]} 33. Rxa6
{[%clk 0:41:33]} Rc8 {[%clk 0:29:32]} 34. Be3 {[%clk 0:37:29]} Ke7
{[%clk 0:24:37]} 35. Ra7+ {[%clk 0:35:50]} Bc7 {[%clk 0:23:34]} 36. a6
{[%clk 0:30:26]} Kd6 {[%clk 0:23:11]} 37. Rb7 {[%clk 0:30:22]} Kc6
{[%clk 0:22:21]} 38. Rb1 {[%clk 0:30:17]} Ra8 {[%clk 0:20:40]} 39. a7
{[%clk 0:29:32]} Be5 {[%clk 0:18:45]} 40. Rb6+ {[%clk 0:26:54]} Kd5
{[%clk 0:16:11]} 41. Rb7 {[%clk 0:26:05]} Rg8 {[%clk 0:15:41]} 42. Rxg7
{[%clk 0:25:26]} 1-0

[Event "MEU_U14"]
[Site "?"]
[Date "2015.08.27"]
[Round "9.9"]
[White "Bango, Dominik"]
[Black "Vilimova, Julie"]
[Result "1/2-1/2"]
[BlackElo "1753"]
[WhiteElo "1741"]
[LiveChessVersion "1.4.6"]

1. e4 {[%clk 1:30:57]} c5 {[%clk 1:30:53]} 2. Nf3 {[%clk 1:31:23]} Nc6
{[%clk 1:31:16]} 3. d4 {[%clk 1:31:46]} cxd4 {[%clk 1:31:41]} 4. Nxd4
{[%clk 1:32:11]} g6 {[%clk 1:32:00]} 5. Be3 {[%clk 1:32:22]} Bg7 {[%clk 1:32:16]}
6. Nc3 {[%clk 1:32:27]} Nf6 {[%clk 1:32:12]} 7. f3 {[%clk 1:31:32]} O-O
{[%clk 1:31:40]} 8. Bc4 {[%clk 1:31:29]} d6 {[%clk 1:29:39]} 9. Qd2
{[%clk 1:29:03]} Bd7 {[%clk 1:29:00]} 10. O-O-O {[%clk 1:27:50]} Rc8
{[%clk 1:27:59]} 11. Bb3 {[%clk 1:26:38]} Na5 {[%clk 1:26:53]} 12. Kb1
{[%clk 1:25:20]} Nc4 {[%clk 1:26:28]} 13. Bxc4 {[%clk 1:24:36]} Rxc4 14. Nb3
{[%clk 1:23:36]} a5 {[%clk 1:07:00]} 15. Qe2 {[%clk 1:19:05]} b5 {[%clk 0:59:48]}
16. Nd5 {[%clk 1:04:08]} Nxd5 {[%clk 0:52:52]} 17. exd5 {[%clk 1:03:53]} Bf5
{[%clk 0:51:27]} 18. Rd2 {[%clk 1:02:28]} Qc7 {[%clk 0:30:29]} 19. g4
{[%clk 1:01:35]} Bd7 {[%clk 0:29:20]} 20. Bd4 {[%clk 0:58:48]} Re8
{[%clk 0:18:06]} 21. Bxg7 {[%clk 0:58:04]} Kxg7 {[%clk 0:18:28]} 22. Nd4
{[%clk 0:58:10]} Qc5 {[%clk 0:17:35]} 23. Rhd1 {[%clk 0:54:57]} a4
{[%clk 0:14:53]} 24. c3 {[%clk 0:30:30]} 1/2-1/2